Statistics for Records of NFL Teams since 2002

Click here to take the quiz!

General Stats

  • This quiz has been taken 117 times
    (40 since last reset)
  • The average score is 26 of 32

Answer Stats

Win-loss-tie recordDivisionNFL Team% Correct
219-134-2NFC NorthGreen Bay Packers
97%
250-105AFC EastNew England Patriots
97%
223-129-3AFC NorthPittsburgh Steelers
97%
214-140-1AFC SouthIndianapolis Colts
94%
204-151AFC WestKansas City Chiefs
94%
210-145AFC NorthBaltimore Ravens
91%
203-152NFC SouthNew Orleans Saints
91%
206-147-2NFC EastPhiladelphia Eagles
91%
204-150-1NFC WestSeattle Seahawks
91%
187-168AFC WestLos Angeles Chargers
88%
174-180AFC EastBuffalo Bills
85%
170-180-4AFC NorthCincinnati Bengals
82%
126-228-1AFC NorthCleveland Browns
82%
200-155NFC EastDallas Cowboys
82%
188-167AFC WestDenver Broncos
82%
178-176-1NFC SouthAtlanta Falcons
79%
184-169-2NFC NorthMinnesota Vikings
79%
164-190-1NFC EastNew York Giants
79%
160-195NFC SouthTampa Bay Buccaneers
79%
176-179AFC SouthTennessee Titans
79%
154-199-2NFC WestArizona Cardinals
76%
168-186-1NFC SouthCarolina Panthers
76%
163-192NFC NorthChicago Bears
76%
132-221-2NFC NorthDetroit Lions
76%
157-197-1NFC WestLos Angeles Rams
76%
166-189AFC EastMiami Dolphins
76%
149-206AFC EastNew York Jets
76%
136-219AFC SouthJacksonville Jaguars
73%
171-183-1NFC WestSan Francisco 49ers
73%
142-211-2NFC EastWashington Commanders
73%
152-202-1AFC SouthHouston Texans
70%
135-220AFC WestLas Vegas Raiders
70%

Score Distribution

Percentile by Number Answered

Percent of People with Each Score

Your Score History

You have not taken this quiz since the last reset